Prosa joven de América hispana /

Guardado en:
書目詳細資料
主要作者: Donoso Pareja, Miguel (compilación)
格式: 圖書
語言:西班牙语
出版: México : Secretaría de Educación Pública, 1972, c1972
標簽: 添加標簽
沒有標簽, 成為第一個標記此記錄!

MARC

LEADER 00000nam^a2200000^a^4500
001 000423619
005 20250526000000.0
009 20260526144424.378
037 |a Acervo ITESO - Biblioteca 
041 |a ESP 
091 |a FHM. 01281 
100 |a Donoso Pareja, Miguel  |e (compilación) 
245 1 0 |a Prosa joven de América hispana / 
264 4 |a México :  |b Secretaría de Educación Pública,  |c 1972, c1972 
300 |a 2 v. (295, 289 p.) ;  |c 17.0 cm. 
336 |a texto  |b txt  |2 rdacontenido 
337 |a sin mediación  |b n  |2 rdamedio 
338 |a volumen  |b nc  |2 rdasoporte 
649 |a XX 
910 |a Fondo Hugo B. Margáin 
920 |a Impresos - Libros 
930 |a Libros Antiguos y Raros 
940 |a Literatura 
905 |a 126 
901 |a 0500304186  |b IT2  |c LRA  |i D111077  |u 20250526 
901 |a 0500304200  |b IT2  |c LRA  |i D111078  |u 20250526 
901 |a 0500308273  |b IT2  |c LRA  |i D119536  |u 20250526 
901 |a 0500308221  |b IT2  |c LRA  |i D119537  |u 20250526 
901 |a 0500308224  |b IT2  |c LRA  |i D119535  |u 20250526 
901 |a 0500308227  |b IT2  |c LRA  |i D119534  |u 20250526 
902 |a https://opac.biblio.iteso.mx/vufind/Record/000423619